| 000 | 01040cam a22002055a 4500 | ||
|---|---|---|---|
| 001 | L138209 | ||
| 008 | 070522s2007 xxk f 000 0 eng d | ||
| 035 | _a(Sirsi) u138209 | ||
| 041 | 0 | _aeng | |
| 110 | 2 |
_aInternational Accounting Standards Board _94097 |
|
| 245 | 0 | 0 |
_aIFRIC update _bMay 2007 _h[electronic resource] |
| 260 |
_aLondon _bIASB _c2007 |
||
| 490 | 0 |
_aIFRIC Update _vMay 2007 |
|
| 520 | _aSummary of the IFRIC meeting in London on the 3rd and 4th of May 2007, when it discussed the asset ceiling, customer loyalty programmes, customer contributions, guidance on identifying agency arrangements, guidance on identifying agency arrangements, sales of real estate,eEmployee benefits, effects of changes in foreign exchange rates, and consolidated and separate financial statements. | ||
| 590 | _aKA | ||
| 651 | 4 | _aInternational | |
| 690 | _aMANAGEMENT-BUSINESS MANAGEMENT-FINANCIAL MANAGEMENT-ACCOUNTING-FINANCIAL REPORTING | ||
| 856 | 4 | 0 |
_uhttps://www.iasb.org/ _zView the item free of charge at www.iasb.org... |
| 942 | _n0 | ||
| 999 |
_c107061 _d107061 |
||